Hiányok kérdőjelei. Kérdések és gondolatok a filozófia egyetemi oktatásával kapcsolatban
Elmentve itt :
| Szerző: | |
|---|---|
| Adatforrás: | Meister |
| Forrásdokumentuma: | Korunk. - 5 sz., 1994, 94-97 p. |
| Nyelv: | magyar |
| Kulcsszavak: | filozófia metodológia filozófiaoktatás |
| LEADER | 00474nab a2200157 i 4500 | ||
|---|---|---|---|
| 001 | bibPRO00008951 | ||
| 008 | 060524s1994 xx hun | ||
| 040 | |a Sz1 | ||
| 041 | |a hun | ||
| 100 | 1 | |a VERESS Károly | |
| 245 | 1 | 0 | |a Hiányok kérdőjelei. Kérdések és gondolatok a filozófia egyetemi oktatásával kapcsolatban |c VERESS Károly |
| 695 | |a filozófia | ||
| 695 | |a metodológia | ||
| 695 | |a filozófiaoktatás | ||
| 695 | |a filozófia | ||
| 773 | 0 | |t Korunk. - |g 5 sz., 1994, 94-97 p. | |